000 00613nam a2200241Ia 4500
003 OSt
005 20220918185123.0
006 a|||||r|||| 00| 0
007 ta
008 220917b |||||||| |||| 00| 0 eng d
024 _a49,651
037 _cTextual
040 _aARTS
_cARTS
_beng
041 _2eng
_aeng
082 _aP,6:3, L3
100 _aDavis M W
_967863
245 0 _aTransformational grammar and written sentences
260 _aHague
_bMouton
_c1973
300 _a84p.
_ccm.
650 _aLINGUISTICS
942 _hP,6:3, L3
_cTEXL
_2CC
999 _c179273
_d179273